| 000 | 01401nac a22002411u 4500 | ||
|---|---|---|---|
| 008 | 080812s2007 xxu||||| |||| 00| 0 ara d | ||
| 020 | _a9789948009054 | ||
| 020 | _a9789948009061 | ||
| 020 | _a9948009053 | ||
| 082 |
_a607.2 _bأ ب ل |
||
| 100 | 1 |
_aأبلسون ، دونالد _988 |
|
| 110 |
_aمركز الإمارات للدراسات والبحوث الاستراتيجية _990 |
||
| 245 |
_aهل هناك أهمية للمؤسسات البحثية ؟ : _bتقويم تأثير معاهد السياسة العامة / _cدونالد أبلسون ؛ ترجمة مركز الإمارات للدراسات والبحوث الاستراتيجية |
||
| 260 |
_aأبو ظبي : _bمركز الإمارات للدراسات والبحوث الاستراتيجية ، 2007 _c2007. |
||
| 300 |
_a325 ص ؛ _c24 سم. |
||
| 490 |
_989 _a ؛ دراسات مترجمة _n26 |
||
| 500 | _aهذا الكتاب ترجمة "Donald E. Abelson, Do Think Tanks Matter? Assessing the Impact of policy Institutes, published by McGill- Queen's University Press, Montreal & Kingston. London. Ithaca, 2002. " | ||
| 504 | _aيشتمل على إرجاعات ببليوجرافية وفهارس | ||
| 511 | _aCatalogued by: Sara | ||
| 650 |
_aمعاهد البحوث _921460 |
||
| 710 |
_aمركز الإمارات للدراسات والبحوث الاستراتيجية _990 |
||
| 942 |
_cBB _k607.2 أ ب ل _2ddc |
||
| 999 |
_c7890 _d7890 |
||